00402nam a22001577a 4500020001800000020001500018082001600033100002200049245005200071250001300123260003300136300001700169650001500186700002200201700002100223 a9780078112652 a0078112656 a303.394 HUG aRichard L. Hughes aLeadership: enhancing the lessons of experience a7th ed.  aNew DelhibMcGraw Hillc2014 a716p.bill.; aLeadership aRobert C. Ginnett aGordon J. Curphy